El respeto hacia uno mismo (Record no. 11587)

MARC details
000 -LEADER
campo de control de longitud fija 00813nam a2200241 i 4500
001 - NÚMERO DE CONTROL
campo de control 11587
003 - IDENTIFICADOR DE NÚMERO DE CONTROL
campo de control ES-MaACL
005 - FECHA Y HORA DE LA ÚLTIMA TRANSACCIÓN
campo de control 20230906150131.0
007 - CAMPO FIJO DE DESCRIPCIÓN FÍSICA--INFORMACIÓN GENERAL
campo de control de longitud fija t|
008 - DATOS DE LONGITUD FIJA--INFORMACIÓN GENERAL
campo de control de longitud fija 921021s1990 sp ||||0| spa d
016 7# - NÚMERO DE CONTROL DE UNA AGENCIA BIBLIOGRÁFICA NACIONAL
Número de control cancelado/no válido SIC92005054
020 ## - NÚMERO INTERNACIONAL ESTÁNDAR DEL LIBRO
Número Internacional Estándar del Libro 84-7509-585-2
040 ## - FUENTE DE CATALOGACIÓN
Centro catalogador/agencia de origen SIC
Lengua de catalogación spa
Centro/agencia transcriptor SIC
080 ## - NÚMERO DE LA CLASIFICACIÓN DECIMAL UNIVERSAL
Número de la Clasificación Decimal Universal 159.923
100 1# - ENTRADA PRINCIPAL--NOMBRE DE PERSONA
Nombre de persona Branden, Nathaniel.
9 (RLIN) 31335
245 13 - MENCIÓN DEL TÍTULO
Título El respeto hacia uno mismo
Resto del título : cómo vencer el temor a la desaprobación de los demás, el sentimiento de culpa, la inseguridad... /
Mención de responsabilidad, etc. Nathaniel Branden ; [traducción de Magdalena L. Senestrari de Salvi].
250 ## - MENCION DE EDICION
Mención de edición [2ª ed.].
260 ## - PUBLICACIÓN, DISTRIBUCIÓN, ETC.
Lugar de publicación, distribución, etc. Barcelona :
Nombre del editor, distribuidor, etc. Paidós,
Fecha de publicación, distribución, etc. 1993.
300 ## - DESCRIPCIÓN FÍSICA
Extensión 255 p ;
Dimensiones 22 cm.
650 14 - PUNTO DE ACCESO ADICIONAL DE MATERIA--TÉRMINO DE MATERIA
Término de materia o nombre geográfico como elemento de entrada Autoestima.
9 (RLIN) 10429
700 1# - ENTRADA AGREGADA--NOMBRE PERSONAL
Nombre de persona Senestrari de Salvi, Magdalena.
9 (RLIN) 105462
852 ## - LOCALIZACIÓN
Ubicación ES-MaACL
Número de control de estantería L-18993
Sublocalización o colección R.124602
Holdings
Estatus retirado Estado de pérdida Estado de daño No para préstamo Biblioteca de origen Biblioteca actual Ubicación en estantería Fecha de adquisición Fuente de adquisición Total de préstamos Signatura topográfica completa Código de barras Visto por última vez Precio de reemplazo Tipo de ítem Koha
        Biblioteca del Ateneo de Madrid Biblioteca del Ateneo de Madrid Depósito 2 17/01/2008     L-18993 1011811 23/02/2023 23/02/2023 Libro impreso